Mechanical engineering science for National certificate, Vol - I (Record no. 1940)

000 -LEADER
fixed length control field 00423nam a22001577a 4500
008 - FIXED-LENGTH DATA ELEMENTS--GENERAL INFORMATION
fixed length control field 200207b ||||| |||| 00| 0 eng d
082 00 - DEWEY DECIMAL CLASSIFICATION NUMBER
Classification number 6201
Item number W1772
100 ## - MAIN ENTRY--PERSONAL NAME
9 (RLIN) 763
Personal name Walker, J. D.
245 10 - TITLE STATEMENT
Title Mechanical engineering science for National certificate, Vol - I
250 ## - EDITION STATEMENT
Edition statement 9th
260 ## - PUBLICATION, DISTRIBUTION, ETC. (IMPRINT)
Place of publication, distribution, etc London
Name of publisher, distributor, etc EUP
Date of publication, distribution, etc 1951
300 ## - PHYSICAL DESCRIPTION
Extent xi,195p.
365 ## - TRADE PRICE
Unit of pricing 5.14
650 #0 - SUBJECT ADDED ENTRY--TOPICAL TERM
Topical term or geographic name as entry element Mechanical Engineering
942 ## - ADDED ENTRY ELEMENTS (KOHA)
Item type Books
Holdings
Withdrawn status Lost status Source of classification or shelving scheme Damaged status Not for loan Permanent location Current location Date acquired Source of acquisition Full call number Barcode Date last seen Koha item type
          IMU Kolkata IMU Kolkata 1953-02-03 A. H. Wheeler 6201 W1772 01646 2020-02-07 Books
          IMU Kolkata IMU Kolkata 1953-02-03 A. H. Wheeler 6201 W1772 01647 2020-02-07 Books
  Lost       IMU Kolkata IMU Kolkata 1953-03-13 A. H. Wheeler 6201 W1772 01645 2020-07-24 Books
Designed and Maintained by IMU-KC Library, Kolkata Campus © Copyright All Rights Reserved

webs counters

Powered by Koha